| 000 | 00710nam a2200181Ia 4500 | ||
|---|---|---|---|
| 008 | 090122s9999 xx 000 0 und d | ||
| 082 |
_b13993 _a613 |
||
| 100 |
_aगाला _bध.रा./ _cगाला |
||
| 245 | _aनिरोगी राहाण्याची गुरुकिल्ली | ||
| 260 | _bगाला पब्लिशर्स | ||
| 300 | _a86 | ||
| 501 | _aदेणगी : श्रीराम रानडे | ||
| 600 | _aगाला | ||
| 630 | _aनिरोगी राहाण्याची गुरुकिल्ली | ||
| 700 | _aगाला | ||
| 730 | _aनिरोगी राहाण्याची गुरुकिल्ली | ||
| 942 | _cBOOK | ||
| 999 |
_c38070 _d38070 |
||